Vývoj a transformácia priemyslu na Slovensku príkladová štúdia okresov Trenčín a Nové mesto nad Váhom

Vývoj priemyslu do roku 1945. Obdobie priemyselnej industrializácie. Vývoj po roku 1989 a transformačné zmeny v 21. storočí.

Salvato in:
Dettagli Bibliografici
Autore principale: Lauko, Viliam
Altri autori: Krasňanová, Miroslava
Natura: Capitolo di libro
Lingua:slovacco
Soggetti:
Tags: Aggiungi Tag
Nessun Tag, puoi essere il primo ad aggiungerne!!

MARC

LEADER 00000naa a2200000 4500
001 0146379
005 20220715084128.9
041 0 |a slo 
044 |a SK 
245 1 0 |a Vývoj a transformácia priemyslu na Slovensku  |b príkladová štúdia okresov Trenčín a Nové mesto nad Váhom  |c Viliam Lauko, Miroslava Krasňanová 
520 |a Vývoj priemyslu do roku 1945. Obdobie priemyselnej industrializácie. Vývoj po roku 1989 a transformačné zmeny v 21. storočí. 
610 2 0 |a priemysel 
610 2 0 |a história 
610 2 0 |a transformácia 
610 2 0 |a Slovensko 
610 2 0 |a politika hospodárska 
100 1 |a Lauko, Viliam 
700 1 |a Krasňanová, Miroslava